Statistics for Months of the year in Spanish

Click here to take the quiz!

General Stats

  • This quiz has been taken 36 times
  • The average score is 11 of 12

Answer Stats

HintAnswer% Correct
AprilAbril
96%
JulyJulio
96%
MayMayo
96%
JuneJunio
92%
NovemberNoviembre
92%
SeptemberSeptiembre
92%
DecemberDeciembre
88%
AugustAgosto
83%
JanuaryEnero
83%
FebruaryFebrero
79%
OctoberOctubre
79%
MarchMarzo
75%

Score Distribution

Percentile by Number Answered

Percent of People with Each Score

Your Score History

You have not taken this quiz